Normal view
MARC view
- Bint Monir, Hadiah
Entry Personal Name
001 - CONTROL NUMBER
- control field: 123523
003 - CONTROL NUMBER IDENTIFIER
- control field: NUST
005 - DATE AND TIME OF LATEST TRANSACTION
- control field: 20240612124149.0
008 - FIXED-LENGTH DATA ELEMENTS
- fixed length control field: 240612|| aca||aabn | a|a d
040 ## - CATALOGING SOURCE
- Original cataloging agency: NUST
- Transcribing agency: NUST
100 ## - HEADING--PERSONAL NAME
- Personal name: Bint Monir, Hadiah
670 ## - SOURCE DATA FOUND
- Source citation: Work cat.: (NUST): Bint Monir, Hadiah, Enhanced Nonclassical Correlations in Entangled SU(1,1) Bosonic Coherent States/
